000
00263nam a22001217a 4500
008
170829b xxu||||| |||| 00| 0 eng d
041
_a
eng
080
_a
070
100
_a
39
101
_a
MED
245
_a
THE NATURAL SPEAKER
_c
FUJISHIN.R
942
_2
udc
_c
BK
999
_c
25321
_d
25321